Conserving forests in Uttarakhand: people's initiative (Record no. 53922)

000 -LEADER
fixed length control field 00739pab a2200169 454500
008 - FIXED-LENGTH DATA ELEMENTS--GENERAL INFORMATION
fixed length control field 180718b2002 xxu||||| |||| 00| 0 eng d
100 ## - MAIN ENTRY--PERSONAL NAME
Personal name Agrawal, Rakesh
245 ## - TITLE STATEMENT
Title Conserving forests in Uttarakhand: people's initiative
260 ## - PUBLICATION, DISTRIBUTION, ETC.
Date of publication, distribution, etc. 2002
300 ## - PHYSICAL DESCRIPTION
Extent p.3881-883.
362 ## - DATES OF PUBLICATION AND/OR SEQUENTIAL DESIGNATION
Dates of publication and/or sequential designation 21 Sep
520 ## - SUMMARY, ETC.
Summary, etc. Preserving the fragile ecosystem of the mountains and its rich biodiversity requires people's initiative, involvement and commitment. women in a village in the Kumaon Hills faced with the gradual destruction of the forests around have come together to protect and nurture them. - Reproduced.
650 ## - SUBJECT ADDED ENTRY--TOPICAL TERM
Topical term or geographic name entry element Forests - India - Uttarakhand
650 ## - SUBJECT ADDED ENTRY--TOPICAL TERM
Topical term or geographic name entry element Forest management
773 ## - HOST ITEM ENTRY
Main entry heading Economic and Political Weekly
909 ## -
-- 53922
Holdings
Withdrawn status Lost status Damaged status Not for loan Permanent Location Current Location Date acquired Serial Enumeration / chronology Barcode Date last seen Price effective from Koha item type
        Indian Institute of Public Administration Indian Institute of Public Administration 2018-07-19 Volume no: 37, Issue no: 38 AR54367 2018-07-19 2018-07-19 Articles

Powered by Koha